| 000 | 00489nam a22001577a 4500 | ||
|---|---|---|---|
| 999 |
_c17697 _d17697 |
||
| 008 | 190525b xxu||||| |||| 00| 0 eng d | ||
| 040 |
_aKABU _cKABU |
||
| 050 |
_aHQ1236.5 _b.M85 2008 c. 1 |
||
| 100 | _aMulher, Rede | ||
| 245 |
_aGender mainstreaming manual _cRede Mulher |
||
| 260 |
_aMozambique _bGender and human rights cluster _c2008 |
||
| 300 | _a81 p. | ||
| 650 |
_aWomen's rights _zMozambique |
||
| 650 |
_aWomen _xGovernment policy _zMozambique |
||
| 942 |
_2lcc _cBK _hHQ1236.5 |
||